Công nghệ khí nén

Gorde:
Xehetasun bibliografikoak
Egile nagusia: Hồ Đắc Thọ
Formatua: Liburua
Hizkuntza:Vietnamese
Argitaratua: Khoa học kỹ thuật 2007
Gaiak:
Etiketak: Etiketa erantsi
Etiketarik gabe, Izan zaitez lehena erregistro honi etiketa jartzen!
Thư viện lưu trữ: Mạng thư viện Đại học Đà Nẵng
LEADER 00971nam a2200313 a 4500
001 000002926
003 03616
005 20171229145311.0
008 171229s2007 vie
040 |a LSK 
041 0 |a VIE 
082 0 |a 621.51  |b HÔ-T 
100 1 |a Hồ Đắc Thọ 
245 0 0 |a Công nghệ khí nén 
260 |b Khoa học kỹ thuật  |c 2007 
300 |a 219 pages  |c 24 cm. 
653 |a Khí nén - Công nghệ 
852 |a Phòng Đọc - Phòng Mượn 
901 |a 11 
927 |a Sách tham khảo 
OWN |a LSK 
AVA |a UDN50  |b LSK  |d 621.51 HÔ-T  |e check_holdings  |t Error 5003 Not defined in file expand_doc_bib_avail.  |h N  |k 1 
999 |a From the UDN01 
AVA |a UDN50  |b LSK  |d 621.51 HÔ-T  |e available  |t Error 5001 Not defined in file expand_doc_bib_avail.  |f 11  |g 0  |h N  |i 0  |k 1 
TYP |a Monograph 
TYP |a Printed language 
980 |a Mạng thư viện Đại học Đà Nẵng